000 00533nam a22002057a 4500
003 OSt
005 20140310182938.0
008 130201t xxu||||| |||| 00| 0 eng d
020 _a9712336549
050 _aQA 276.12
_b.Al465 2003
082 _aFIL 519.5
_bEl2 2003
245 _aElementary statistics
_cAltares, Priscilla S.
260 _aManila
_bRex Book Store
_cc2003
300 _a271 p.
_c26 cm.
521 _acollege students
526 _c1210L-1700L
541 _j1
562 _e1
942 _2lcc
_cBK
_kFIL
999 _c17663
_d17663